000 00636nam a2200181Ia 4500
008 100920s9999 xx 000 0 und d
082 _b74426
_a891.43 थ 68
100 _aरेड्रडी बालशौरी.
245 _aस्वप्न और सत्य.
260 _bराजपाल एण्ड सन्स ,कश्मीरी गेट, दिल्ली.
_c1968
300 _a348
_bसाधी
365 _b7
520 _aहिंदी.
630 _aस्वप्न और सत्य.
650 _aहिंदी.
730 _aस्वप्न और सत्य.
942 _cBOOK
999 _c716024
_d716021